| 000 | 00410nam a22001457a 4500 | ||
|---|---|---|---|
| 022 | _a087262241 | ||
| 082 |
_a388.4042 _bPRO _cD |
||
| 100 |
_aA.S.C.E _938756 |
||
| 245 |
_aUrban transportation financing _cA.S.C.E |
||
| 260 |
_aNew York _bAmerican Society of civil engineers _c1979 |
||
| 300 |
_aviii, 303 p, ; _bill, ; |
||
| 526 |
_a0 _b0 _c0 _d388_404200000000000_PRO |
||
| 650 |
_aNUST _96342 |
||
| 942 |
_2ddc _cBK |
||
| 999 |
_c543401 _d543401 |
||